| 000 | 00519nam a2200169Ia 4500 | ||
|---|---|---|---|
| 003 | SISC | ||
| 005 | 20160224083551.0 | ||
| 008 | 140910s9999 xx 000 0 und d | ||
| 020 | _a0078228662 | ||
| 050 |
_aQA 107 _b.G563c1 2001 |
||
| 245 |
_aGlencoe's mathematics : _bapplication and connection course 1 / |
||
| 260 |
_aUnited States : _bGlencoe McGraw-Hill, _cc2001. |
||
| 300 |
_a666 pages : _bcolored illustrations ; _c28 cm. |
||
| 650 | _aConnections. | ||
| 650 |
_aMathematics _xApplications. |
||
| 942 |
_cBK _2lcc |
||
| 999 |
_c282557 _d282557 |
||